书目信息 |
| 题名: |
混凝土与砂浆配合比设计手册
|
|
| 作者: | 贾立群 编著 | |
| 分册: | ||
| 出版信息: | 北京 中国建筑工业出版社 2007.07 |
|
| 页数: | 158页 | |
| 开本: | 17cm | |
| 丛书名: | ||
| 单 册: | ||
| 中图分类: | TU528.062-62 | |
| 科图分类: | ||
| 主题词: | 混凝土--hun ning tu--砌筑砂浆--配合料--比例--手册 | |
| 电子资源: | ||
| ISBN: | 978-7-112-09295-6 | |
| 000 | 00838nam0 2200229 450 | |
| 001 | 012008321414 | |
| 005 | 20080220091648.76 | |
| 010 | @a978-7-112-09295-6@dCNY12.00 | |
| 100 | @a20080220d2007 em y0chiy0120 ea | |
| 101 | 0 | @achi |
| 102 | @aCN@b110000 | |
| 105 | @aa z 000yy | |
| 106 | @ar | |
| 200 | 1 | @a混凝土与砂浆配合比设计手册@Ahun ning tu yu sha jiang pei he bi she ji shou ce@f贾立群编著@Fjia li qun bian zhu |
| 210 | @a北京@c中国建筑工业出版社@d2007.07 | |
| 215 | @a158页@c图@d17cm | |
| 330 | @a本书主要内容包括普通混凝土配合比设计、特种混凝土配合比设计和砌筑砂浆配合比设计。本书可供建筑材料、建筑施工人员使用。 | |
| 606 | 0 | @a混凝土@Ahun ning tu@x砌筑砂浆@x配合料@x比例@j手册 |
| 690 | @aTU528.062-62@v4 | |
| 701 | 0 | @a贾立群@Ajia li qun@4编著 |
| 801 | 0 | @aCN@bQSSK@c20080220 |
| 905 | @b281740-42@dTU528.062-62@eJ244@f3 | |
| 混凝土与砂浆配合比设计手册/贾立群编著.-北京:中国建筑工业出版社,2007.07 |
| 158页:图;17cm |
| ISBN 978-7-112-09295-6:CNY12.00 |
| 本书主要内容包括普通混凝土配合比设计、特种混凝土配合比设计和砌筑砂浆配合比设计。本书可供建筑材料、建筑施工人员使用。 |
| ● |
| 相关链接 |
|
|
|
正题名:混凝土与砂浆配合比设计手册
索取号:TU528.062-62/J244
 
预约/预借
| 序号 | 登录号 | 条形码 | 馆藏地/架位号 | 状态 | 备注 |
| 1 | 281740 | 202817407 | 建筑库201/201建筑库 8排2列2层/ [索取号:TU528.062-62/J244] | 在馆 | |
| 2 | 281741 | 202817416 | 建筑库201/201建筑库 8排2列2层/ [索取号:TU528.062-62/J244] | 在馆 | |
| 3 | 281742 | 202817425 | 建筑库201/201建筑库 8排2列2层/ [索取号:TU528.062-62/J244] | 在馆 |